| 000 | 00641nam a22002057a 4500 | ||
|---|---|---|---|
| 003 | DO-SdBNP | ||
| 005 | 20221003154952.0 | ||
| 007 | ta | ||
| 008 | 220504b1983 dr ||||| |||| 00| 0 spa d | ||
| 040 |
_aDO-SdBNP _bspa _cBNPHU |
||
| 082 | 4 | _222 | |
| 245 | 0 | 0 |
_aRecopilación de disposiciones legales relacionadas con la vida municipal / _cprólogo Carlos Carmona Mateo |
| 250 | _a2a ed. | ||
| 260 |
_aSanto Domingo, República Dominicana : _bLiga Municipal Dominicana, _c1983. |
||
| 300 |
_a733 p. ; _c22 cm. |
||
| 590 | _aInventariado, 2022/BT | ||
| 700 | 1 |
_aCamona Mateo, Carlos, _epról. _981546 |
|
| 910 | _aBtavárez | ||
| 942 |
_2ddc _cLBS1 |
||
| 999 |
_c51638 _d51638 |
||